000 00660nam a22002057a 4500
003 OSt
005 20251029042149.0
008 251029b |||||||| |||| 00| 0 eng d
020 _a0-07-287557-7.
040 _aDWCL-Main lib
_cOC
082 _aCirc. 339 M113m 2005
100 _aCampbell R. Mcconnell
245 _aMacroeconomics :
_bprinciples, problems, and policies
_cCampbell R. Mcconnell
260 _aBoston :
_bMcGraw-Hill/Irwin,
_cc2005.
300 _axxiii, (various pagings) :
_bcolored illustration ;
_c25 cm.
504 _aIncludes index.
650 _21. Macroeconomics.
700 _aStanley L. Brue
942 _2ddc
_cBK-CIRC
_e16th ed.
_kCirc.
_n0
999 _c5289
_d5289